000 00669cam a2200229 a 4500
999 _c33343
_d33343
003 OSt
005 20220921212649.0
008 840427s2018 cr 000 1 spa c
010 _a 84672653
020 _a978-99961-70-77-5
040 _cBMC
082 _a863.99224
100 1 _aDalton, Roque
_d1935-1975
_99180
245 1 0 _aPobrecito poeta que era yo
_cRoque Dalton
250 _a1ª ed
260 _aSan Salvador, El Salvador
_bMinisterio de Educación
_c2018
300 _a350 p.
_c23 cm
490 _aBiblioteca Escolar Presidencial
_v10
650 2 4 _929546
_aNovela salvadoreña
942 _2ddc
_cBK
_hprozim